000 00324nam a2200133 i 4500
001 bg
100 1 _aPISKOZUB, Andrzej
245 0 _aZarys najnowszych dziejów transportu /
_cAndrzej Piskozub.
260 _aWarszawa,
_c1979.
040 _cBPK
041 _apol
942 _cKS
008 s pl f |000 0 pol
999 _c10017
_d10017
856 _uhttp://koha.tu.koszalin.pl/cgi-bin/koha/opac-detail.pl?biblionumber=10017
_yKatalog online BPK